[Event "Chioggia op 1st"]
[Site "Chioggia"]
[Date "2006.01.28"]
[Round "1"]
[White "Varagnolo, Silvia"]
[Black "Roberti, Ignazio"]
[Result "0-1"]
[WhiteElo "1691"]
[BlackElo "1950"]
[PlyCount "92"]
[EventDate "2006.01.28"]
[EventType "swiss"]
[EventRounds "6"]
[EventCountry "ITA"]
[SourceTitle "EXT 2022"]
[Source "ChessBase"]
[SourceDate "2021.10.06"]
[SourceVersion "1"]
[SourceVersionDate "2021.10.06"]
[SourceQuality "1"]

1. e4 c5 2. Nc3 Nc6 3. g3 e5 4. Bg2 Nf6 5. d3 d6 6. Nge2 Be7 7. 0-0 0-0 8. f4 Nd4 9. h3 Rb8 10. g4 b5 11. g5 Ne8 12. Nd5 g6 13. Nxd4 cxd4 14. h4 f5 15. gxf6 Nxf6 16. Nxf6+ Bxf6 17. h5 Bg7 18. hxg6 hxg6 19. Qf3 Qh4 20. Qf2 Qxf2+ 21. Rxf2 Be6 22. Bd2 Bh6 23. Raf1 Rf7 24. fxe5 Bxd2 25. Rxd2 Rxf1+ 26. Bxf1 dxe5 27. a3 Rc8 28. Kh2 Kg7 29. Kg3 Rh8 30. Rh2 Rxh2 31. Kxh2 Kf6 32. Kg3 Kg5 33. Be2 a5 34. b3 Kh6 35. Bf3 b4 36. a4 g5 37. Be2 Bf7 38. Bd1 Bh5 39. Bf3 Bxf3 40. Kxf3 Kh5 41. Kg3 g4 42. Kg2 Kh4 43. Kh2 g3+ 44. Kg2 Kg4 45. Kg1 Kf3 46. Kf1 g2+ 0-1

[Event "ITA-ch (Women)"]
[Site "Bratto"]
[Date "2005.08.25"]
[Round "6"]
[White "Varagnolo, Silvia"]
[Black "Reginato, Sabrina"]
[Result "1/2-1/2"]
[WhiteElo "1643"]
[BlackElo "1670"]
[PlyCount "57"]
[EventDate "2005.08.20"]
[EventType "swiss"]
[EventRounds "9"]
[EventCountry "ITA"]
[SourceTitle "CBM 108 Extra"]
[Source "ChessBase"]
[SourceDate "2005.11.04"]
[SourceVersion "1"]
[SourceVersionDate "2005.11.04"]
[SourceQuality "1"]

1. e4 c5 2. Nc3 d6 3. g3 Nf6 4. Bg2 Nc6 5. d3 e6 6. f4 a6 7. Nge2 Be7 8. 0-0 0-0 9. h3 Qc7 10. g4 b5 11. Ng3 Bb7 12. g5 Ne8 13. f5 g6 14. fxe6 fxe6 15. Rxf8+ Bxf8 16. Bf4 Qf7 17. Qd2 Nd4 18. Rf1 Qg7 19. h4 Rd8 20. Nd1 Bc8 21. c3 Nc6 22. Qf2 Rd7 23. h5 e5 24. h6 Qf7 25. Bh3 exf4 26. Bxd7 Bxd7 27. Qd2 Ne5 28. d4 Nc4 29. Qg2 1/2-1/2

[Event "ITA-ch (Women)"]
[Site "Porto San Giorgio"]
[Date "2004.08.20"]
[Round "1"]
[White "Varagnolo, Silvia"]
[Black "Santurbano, Maria Vincenza"]
[Result "0-1"]
[WhiteElo "1610"]
[BlackElo "1822"]
[PlyCount "54"]
[EventDate "2004.08.20"]
[EventType "swiss"]
[EventRounds "9"]
[EventCountry "ITA"]
[SourceTitle "EXT 2005"]
[Source "ChessBase"]
[SourceDate "2004.11.15"]
[SourceVersion "1"]
[SourceVersionDate "2004.11.15"]
[SourceQuality "1"]

1. e4 e5 2. Nf3 d6 3. Nc3 Nf6 4. d3 Be7 5. Be2 c6 6. 0-0 0-0 7. b3 Qc7 8. Bb2 Nbd7 9. d4 h6 10. Re1 Rd8 11. a4 Nf8 12. Bc4 Ng6 13. Qd2 Bg4 14. Be2 Nf4 15. Rad1 Nh7 16. Qe3 Rac8 17. dxe5 dxe5 18. Rxd8+ Rxd8 19. g3 Nxe2+ 20. Nxe2 Bf6 21. Nc3 Ng5 22. Nxg5 Bxg5 23. Qc5 b6 24. Qc4 Bf3 25. Nd5 Qd7 26. Nb4 Bd2 27. Rf1 Qh3 0-1